000 00747cab a2200217 4500
001 WB3503-08
008 090401t1999 xxu||||| |||| 00| 0 eng d
035 _a(Sirsi) u90773
041 _aeng
245 _aShopping centres surge in south-east
260 _c1999
350 _a0
490 _aProperty Week
_v64(2) 15 January 1999, 891)
520 _aResearch by DTZ Debenham Thorpe shows that shopping centre investment in the south-east soared to more than 63% of the total market in 1998 campared to 29% in 1997. Graph.
650 _aRETAIL INVESTMENT
650 _aSHOPPING CENTRES
650 _aSOUTH EAST
690 _aPROPERTY-COMMERCIAL PROPERTY-COMMERCIAL PROPERTY FINANCE AND INVESTMENT
942 _n0
948 _c19/01/1999
999 _c57567
_d57567